| 000 | 00921nas a2200301 4500 | ||
|---|---|---|---|
| 001 | BR2014001599 | ||
| 003 | BR-BrBNA | ||
| 005 | 20231205123804.0 | ||
| 007 | ta | ||
| 008 | 230509b bl.|||p| |||| 00| 00por d | ||
| 040 |
_aBR-BrBNA _bpor _cBiblioteca Nacional de Agricultura |
||
| 041 | _a(Pt) | ||
| 072 | _aL01 | ||
| 100 | 1 | _aRibeiro, N.L. | |
| 100 | 1 | _aFurtado, D.A. | |
| 100 | 1 | _aMedeiros, A.N. | |
| 100 | 1 | _aRibeiro, M.N. | |
| 100 | 1 | _aSilva, R.C.B. | |
| 100 | 1 | _aSouza, C.M.S. | |
| 245 | 1 | _aAvaliação dos índices de conforto térmico, parâmetros fisiológicos e gradiente térmico de ovinos nativos | |
| 650 | _aTEMPERATURA | ||
| 650 | _aESPÉCIE NATIVA | ||
| 650 | _aCONFINAMENTO | ||
| 650 | _aACLIMATAÇÃO | ||
| 773 | 0 |
_tEngenharia Agrícola (Brazil) _xISSN 0100-6916 _g(Oct-Dec 2008), v. 28(4) p. 614-623 _wBR2014001599 |
|
| 909 |
_a202311 _bLúcia _c55 _dLúcia Elande |
||
| 942 |
_2AGRIS _n0 _cANA |
||
| 999 |
_c235714 _d235714 |
||